LEADER 01062cam0 22003133 450 001 SON0006507 005 20080625074915.0 010 $a8872281954 100 $a20040211d1998 |||||ita|0103 ba 101 $aita 102 $aIT 200 1 $a<>Italie bizantine$eTerritorio, insediamenti ed economia nella provincia bizantina d'Italia (VI-VIII)$fEnrico Zanini 210 $aBari$cEdipuglia$d1998 215 $a386 p.$d24 cm 225 2 $aStudi storici sulla Tarda Antichità$v10 300 $a(n.i.114790-lt) 410 1$1001LAEC00018702$12001 $a*Studi storici sulla Tarda Antichità$v10 610 0$aItalia:- periodo bizantino (secc. VI-VIII) 610 0$aBizantini:- Italia (secc. VI-VIII) 700 1$aZanini$b, Enrico$3AF00013020$4070$0163282 801 0$aIT$bUNISOB$c20080625$gRICA 850 $aUNISOB 852 $aUNISOB$j900|Zan|3935$m114790 912 $aSON0006507 940 $aM 102 Monografia moderna SBN 941 $aM 957 $rACQUISTO$3UNISOB$a900|Zan|3935$d114790 996 $aItalie bizantine$9484867 997 $aUNISOB